Normal view
MARC view
- التشريعات الصناعية -- القانون المدني -- تنفيذ القانون -- الأردن
Entry Topical Term
001 - CONTROL NUMBER
- control field: 12669
003 - CONTROL NUMBER IDENTIFIER
- control field: JO-AjAnu
005 - DATE AND TIME OF LATEST TRANSACTION
- control field: 20230606072330.0
008 - FIXED-LENGTH DATA ELEMENTS
- fixed length control field: 230606|| aca||aabn | a|a d
040 ## - CATALOGING SOURCE
- Original cataloging agency: JO-AjAnu
- Transcribing agency: JO-AjAnu
150 ## - HEADING--TOPICAL TERM
- Topical term or geographic name entry element: التشريعات الصناعية -- القانون المدني -- تنفيذ القانون -- الأردن
670 ## - SOURCE DATA FOUND
- Source citation: Work cat.: (JO-AjAnu)6519: العبودي ، عباس , author 12668, شرح أحكام قانون التنفيذ " دراسة مقارنة معززة بالتطبيقات القضائية لمحكمة التمييز "